Language Quiz

Random Language or Spanish Quiz

Fruit by Spanish Name Quiz Stats

 Plays Quiz not verified by Sporcle

Score 0/22 Timer 05:00
0 Plays Today
La Fruta Fruit % Correct
el limónlemon
91.8%
el mangomango
90.6%
la naranjaorange
86.9%
la limalime
86.6%
la manzanaapple
84.9%
la fresastrawberry
83.2%
la piñapineapple
82.7%
la uvagrape
78.7%
la perapear
78.2%
el cocococonut
75.7%
el plátanobanana
74.5%
La Fruta Fruit % Correct
la cerezacherry
59.7%
el cantalupocantaloupe
57.9%
la sandíawatermelon
51.7%
la frambuesaraspberry
49%
el albaricoqueapricot
45%
el melocotónpeach
42.8%
la mandarinatangerine
40.8%
la ciruelaplum
31.4%
la granadapomegranate
29.7%
la zarzamorablackberry
22.3%
el arándanocranberry
21%

You're not logged in!

Compare scores with friends on all Sporcle quizzes.
OR
Log In

Show Comments

Extras

Created Jun 6, 2010ReportNominate
Tags:Spanish Quiz, fruit

Top Quizzes Today


Score Distribution

Your Account Isn't Verified!

In order to create a playlist on Sporcle, you need to verify the email address you used during registration. Go to your Sporcle Settings to finish the process.

Report this User

Report this user for behavior that violates our Community Guidelines.

Details: